Pays limitrophes des Pays commençant par la lettre R - Statistiques

Statistiques générales
  • Ce quiz a été pris 390 fois
  • Le résultat moyen est 32 sur 36
Statistiques - réponses
Réponse % Correct
Chine
99%
Pologne
98%
Ukraine
98%
République Démocratique du Congo
96%
Slovaquie
96%
Biélorussie
95%
Haïti
95%
Irlande
95%
Allemagne
94%
Congo
94%
Mongolie
94%
Autriche
93%
Bulgarie
93%
Finlande
93%
Hongrie
93%
Estonie
91%
Lettonie
91%
Lituanie
91%
Burundi
90%
Cameroun
90%
Moldavie
90%
Soudan
90%
Ouganda
89%
Angola
88%
Soudan du Sud
88%
Tanzanie
88%
Tchad
88%
Azerbaïdjan
86%
Géorgie
85%
Kazakhstan
85%
Zambie
85%
Serbie
84%
Rwanda
82%
Corée du Nord
77%
République Centrafricaine
76%
Norvège
73%
Aucun quiz correspondant
Distribution des résultats
% des personnes avec chaque résultat
Percentile par nombre de réponses
Votre historique - résultats
Vous n’avez pas pris ce quiz